000 01077cam a2200289Ma 4500
005 20250912144529.0
008 141118s2010 enkad fr 001 0 eng d
020 _a9780521871792
020 _a0521871794
040 _aCO-BoUCM
_cJose A. Gerena
_dDavid Moreno (modificó)
_bspa
041 0 _aeng
060 _aWS 105.5
245 0 0 _aNeurodevelopmental outcomes of preterm birth
_bfrom childhood to adult life
_ceditado por Chiara Nosarti, Robin M. Murray, Maureen Hack
260 _aCambridge (Inglaterra)
_bCambridge University press
_c2010
300 _ax, 277 páginas
_bilustraciones, cuadros
504 _aIncluye referencias bibliográficas e índices
650 7 _aPsiquiatría infantil
_9128
650 7 _aSistema nervioso
_924577
650 7 _aCerebro
_910692
650 7 _aDesordenes neurológicos
_9157
650 7 _aDesarrollo infantil
_912971
690 _aPediatría
_921221
700 1 _aNosarti, Chiara
_965944
700 1 _aMurray, Robin M.
_965945
700 1 _aHack, Maureen
_965946
942 _2NLM
_a15
_cLIBRO
_e1
_hWS 105.5
_mN897n
_n0
999 _c297295
_d297295